00471nam a2200121Ia 4500008004100000082001700041245004200058260001500100300000900115650011700124952009100241999001700332120629s9999 xx 000 0 und d a348.02 L681l aLey general de sociedades mercantiles aMéxico : a40 p a1. SOCIEDADES MERCANTILES-LEYES Y REGLAMENTOS-MEXICO \ 2. SOCIEDADES COOPERATIVAS-LEYES Y REGLAMENTOS-MEXICOÌ 00104070a15b15d2009-02-04l0o348.02 L681Lp15 003080r2017-12-07w2012-06-28yLB c76489d76489